000 00219nam a22000857a 4500
008 161206b xxu||||| |||| 00| 0 eng d
100 _91822
_aAksakov.S
245 _aThe LIttle Scarlet Flower
260 _aMoscow
_bProgress
_c1976
999 _c4566
_d4566